JOURNEY OF THE SPARROWS (Record no. 2810)
[ view plain ]
| 000 -LEADER | |
|---|---|
| fixed length control field | 00582nam a22001457a 4500 |
| 020 ## - INTERNATIONAL STANDARD BOOK NUMBER | |
| ISBN | 0-440-40785-0 |
| 082 ## - DEWEY DECIMAL CLASSIFICATION NUMBER | |
| Classification number | 823 |
| Item number | BUS/J |
| 100 ## - MAIN ENTRY--AUTHOR NAME | |
| Personal name | BUSS, FRAN LEEPER |
| 245 ## - TITLE STATEMENT | |
| Title | JOURNEY OF THE SPARROWS |
| 260 ## - PUBLICATION, DISTRIBUTION, ETC. (IMPRINT) | |
| Place of publication | NEW YORK |
| Name of publisher | A YEARLING BOOK |
| Year of publication | 1993 |
| 300 ## - PHYSICAL DESCRIPTION | |
| Number of Pages | 155 |
| 520 ## - SUMMARY, ETC. | |
| Summary, etc | Maria and her siblings face countless hardships as they struggle to build a new life in Chicago. Escaping the brutal regime in El Salvador, they face cold, hunger, and the constant threat of deportation. Maria works herself ragged to try and provide for her family. |
| 650 ## - SUBJECT ADDED ENTRY--TOPICAL TERM | |
| Topical Term | NOVEL |
| Geographic subdivision | INDIA |
| 942 ## - ADDED ENTRY ELEMENTS (KOHA) | |
| Koha item type | Books |
| Withdrawn status | Lost status | Collection code | Home library | Current library | Shelving location | Date acquired | Source of acquisition | Full call number | Accession Number | Koha item type |
|---|---|---|---|---|---|---|---|---|---|---|
| Fiction | Main Library | Main Library | SHELF-14B -ALPHABETICAL -B--ENGLISH NOVELS & FICTIONS | 10/10/2012 | purchase | 823 BUS/J | 07109 | Books |